Structure of the moon's surface (Record no. 2386)

MARC details
000 -LEADER
fixed length control field 00546nam a2200181Ia 4500
003 - CONTROL NUMBER IDENTIFIER
control field IN-BaIIA
008 - FIXED-LENGTH DATA ELEMENTS--GENERAL INFORMATION
fixed length control field 211028s9999 xx 000 0 eng d
040 ## - CATALOGING SOURCE
Transcribing agency IIA Library
080 ## - UNIVERSAL DECIMAL CLASSIFICATION NUMBER
Universal Decimal Classification number 523.34
Item number FIE
100 ## - MAIN ENTRY--PERSONAL NAME
Personal name Fielder, Gilbert
9 (RLIN) 4273
245 #0 - TITLE STATEMENT
Title Structure of the moon's surface
Statement of responsibility, etc. Gilbert Fielder
260 ## - PUBLICATION, DISTRIBUTION, ETC.
Place of publication, distribution, etc. Oxford
Name of publisher, distributor, etc. Pergamon Press
Date of publication, distribution, etc. 1961
300 ## - PHYSICAL DESCRIPTION
Extent xiii, 266p.
650 ## - SUBJECT ADDED ENTRY--TOPICAL TERM
Topical term or geographic name entry element Astronomy and astrophysics thesaurus
650 ## - SUBJECT ADDED ENTRY--TOPICAL TERM
Topical term or geographic name entry element Moon
650 ## - SUBJECT ADDED ENTRY--TOPICAL TERM
Topical term or geographic name entry element Surface (Celestial Bodies)
9 (RLIN) 3639
942 ## - ADDED ENTRY ELEMENTS (KOHA)
Koha item type Books
Holdings
Withdrawn status Lost status Damaged status Not for loan Home library Current library Shelving location Date acquired Cost, normal purchase price Total Checkouts Full call number Barcode Date last seen Cost, replacement price Price effective from Koha item type Purchase Price
        IIA Library-Bangalore IIA Library-Bangalore General Stacks 06/04/1965 32.50   523.34/ FIE 2667 05/11/2021 32.50 06/04/1965 Books Rs. 32.50

Powered by Koha